English Oscar and Grammy winners - Statistics

General Stats
  • This quiz has been taken 158 times
  • The average score is 14 of 71
Answer Stats
Hint Answer % Correct
Grammy Adele
71%
Oscar (Actress) Maggie Smith
65%
Grammy Sam Smith
61%
Oscar (Actress) Judi Dench
53%
Grammy (Band) The Beatles
53%
Oscar (Actor) Anthony Hopkins
45%
Oscar (Actress) Elizabeth Taylor
43%
Oscar (Actress) Helen Mirren
43%
Oscar (Actress) Glenda Jackson
39%
Oscar (Actress) Olivia Colman
39%
Oscar (Actor) Colin Firth
37%
Oscar (Actress) Kate Winslet
37%
Oscar (Actor) Daniel Day-Lewis
33%
Oscar (Actor) Ronald Colman
33%
Oscar (Actor) Laurence Olivier
31%
Grammy (Band) Coldplay
29%
Oscar (Actress) Emma Thompson
29%
Oscar (Actor) Alec Guinness
27%
Grammy Amy Winehouse
27%
Grammy Ed Sheeran
27%
Oscar (Actress) Audrey Hepburn
24%
Oscar (Actor) Eddie Redmayne
24%
Grammy George Harrison
24%
Grammy John Lennon
24%
Oscar (Actress) Julie Andrews
24%
Oscar (Actress) Olivia de Havilland
24%
Oscar (Actor) Rex Harrison
24%
Oscar (Actress) Vivien Leigh
24%
Grammy Harry Styles
22%
Oscar (Actor) Ben Kingsley
20%
Oscar (Actor) David Niven
20%
Oscar (Actor) Gary Oldman
20%
Oscar (Actor) Michael Caine
18%
Oscar (Actor) Peter Ustinov
18%
Oscar (Actor) Robert Donat
16%
Grammy Dua Lipa
14%
Oscar (Actor) George Arliss
14%
Oscar (Actor) Jim Broadbent
14%
Oscar (Actress) Julie Christie
14%
Oscar (Actor) Mark Rylance
14%
Oscar (Actor) Paul Scofield
14%
Oscar (Actor) Christian Bale
12%
Oscar (Actor) Jeremy Irons
12%
Oscar (Actor) John Gielgud
12%
Grammy (Band) Mumford and Sons
12%
Oscar (Actress) Vanessa Redgrave
12%
Oscar (Actor) Charles Laughton
10%
Oscar (Actress) Tilda Swinton
10%
Grammy George Michael
8%
Oscar (Actress) Greer Garson
8%
Oscar (Actress) Jessica Tandy
8%
Oscar (Actor) John Mills
8%
Oscar (Actress) Peggy Ashcroft
8%
Grammy Sting
8%
Oscar (Actor) Donald Crisp
6%
Oscar (Actress) Margaret Rutherford
6%
Grammy (Band) Sade
6%
Oscar (Actor) Daniel Kaluuya
4%
Grammy Eric Clapton
4%
Grammy (Band) Fleetwood Mac
4%
Grammy Mark Ronson
4%
Grammy Seal
4%
Oscar (Actor) Victor McLaglen
4%
Oscar (Actress) Wendy Hiller
4%
Oscar (Actor) Edmund Gwenn
2%
Oscar (Actress) Rachel Weisz
2%
Grammy Ringo Starr
2%
Oscar (Actor) George Sanders
0%
Grammy Graham Nash
0%
Grammy Olivia Newton-John
0%
Grammy (Band) The Police
0%
No matching quizzes found
Score Distribution
Percent of People with Each Score
Percentile by Number Answered
Your Score History
You have not taken this quiz